| 000 -LEADER |
| fixed length control field |
00846cam a2200217 i 4500 |
| 003 - CONTROL NUMBER IDENTIFIER |
| control field |
OSt |
| 005 - DATE AND TIME OF LATEST TRANSACTION |
| control field |
20200518121352.0 |
| 006 - FIXED-LENGTH DATA ELEMENTS--ADDITIONAL MATERIAL CHARACTERISTICS--GENERAL INFORMATION |
| fixed length control field |
m |o d | |
| 008 - FIXED-LENGTH DATA ELEMENTS--GENERAL INFORMATION |
| fixed length control field |
180207s2018 nju ob 001 0 eng |
| 020 ## - INTERNATIONAL STANDARD BOOK NUMBER |
| International Standard Book Number |
9781119225560 (pdf) |
| 020 ## - INTERNATIONAL STANDARD BOOK NUMBER |
| Cancelled/invalid ISBN |
9781119225508 (pbk.) |
| 082 00 - DEWEY DECIMAL CLASSIFICATION NUMBER |
| Classification number |
729EMM |
| Edition number |
23 |
| 100 1# - MAIN ENTRY--PERSONAL NAME |
| Personal name |
Emmitt, Stephen, |
| Relator term |
author. |
| 245 10 - TITLE STATEMENT |
| Title |
Handbook for the architectural manager / |
| Statement of responsibility, etc |
by Stephen Emmitt, University of Bath, UK; Dr Mohammed A Alharbi, Taibah University, Medina. |
| 300 ## - PHYSICAL DESCRIPTION |
| Extent |
1 online resource. |
| 504 ## - BIBLIOGRAPHY, ETC. NOTE |
| Bibliography, etc |
Includes bibliographical references and index. |
| 650 #0 - SUBJECT ADDED ENTRY--TOPICAL TERM |
| Topical term or geographic name as entry element |
Architectural practice |
| General subdivision |
Management. |
| 700 1# - ADDED ENTRY--PERSONAL NAME |
| Personal name |
Alharbi, Mohammed A., |
| Relator term |
author. |
| 776 08 - ADDITIONAL PHYSICAL FORM ENTRY |
| Display text |
Print version: |
| Main entry heading |
Emmitt, Stephen, author. |
| Title |
Handbook for the architectural manager |
| Place, publisher, and date of publication |
Hoboken : Wiley, 2018 |
| International Standard Book Number |
9781119225508 |
| Record control number |
(DLC) 2018005471 |
| 942 ## - ADDED ENTRY ELEMENTS (KOHA) |
| Source of classification or shelving scheme |
|